Una aproximació a la història /
Descripción Física:
3 pàgs. ; il. col. ; 29 cm.
Colección:
Arrel : revista editada per la Diputació de Barcelona
; Núm. 14 (maig, 1986) ; pàgs. 11-14
MARC
| LEADER | 00000nab a2200000 a 4500 | ||
|---|---|---|---|
| 001 | 8161 | ||
| 003 | Arxiu | ||
| 005 | 20260324175952.0 | ||
| 008 | 160829s9999 xx 000 0 cat d | ||
| 100 | |a Villatoro, Assumpció |9 42802 | ||
| 245 | |a Una aproximació a la història / |c Assumpció Villatoro | ||
| 260 | |a Barcelona : |b Diputació de Barcelona ; |c 1986 | ||
| 300 | |a 3 pàgs. ; |b il. col. ; |c 29 cm. | ||
| 490 | |a Arrel : revista editada per la Diputació de Barcelona ; |v Núm. 14 (maig, 1986) ; pàgs. 11-14 |x 0211-562X | ||
| 650 | |a Planificació familiar |9 34256 | ||
| 650 | |a Control de la natalitat |9 34257 | ||
| 856 | 4 | |u https://media.diba.cat/diba/fitxers/arxiu/hemeroteca/arrel/8161/bib_8161_1984_1986_n06_a02_baixa.pdf |y bib_8161_1984_1986_baixa.pdf | |
| 856 | 4 | ||
| 901 | |a Arxiu | ||
| 942 | |n 1 |2 udc |c Articles de revista | ||
| 952 | |0 0 |1 0 |2 udc |4 0 |6 REV94 |7 1 |9 51038 |a Arxiu |b Arxiu |d 2016-12-01 |o Rev-94 |r 2016-12-01 00:00:00 |w 2016-12-01 |y ARXIU | ||
| 999 | |c 54881 |d 54881 | ||
| 900 | |a bib_8161_1984_1986_n06_a02_baixa.pdf | ||